قاموس قواعد اللغة العربية الأساسية / (Record no. 14082)

MARC details
000 -LEADER
fixed length control field 00677nam a22002177a 4500
005 - DATE AND TIME OF LATEST TRANSACTION
control field 20251108164756.0
008 - FIXED-LENGTH DATA ELEMENTS--GENERAL INFORMATION
fixed length control field 250721s1992 xx 000 0 ara d
082 14 - DEWEY DECIMAL CLASSIFICATION NUMBER
Classification number م/415.03/سعي
100 1# - MAIN ENTRY--PERSONAL NAME
Personal name التل، سعيد
245 10 - TITLE STATEMENT
Title قاموس قواعد اللغة العربية الأساسية /
264 1# - PRODUCTION, PUBLICATION, DISTRIBUTION, MANUFACTURE, AND COPYRIGHT NOTICE
Place of production, publication, distribution, manufacture عمان :
Name of producer, publisher, distributor, manufacturer مركز الكتب الأردني،
Date of production, publication, distribution, manufacture, or copyright notice 1992.
300 ## - PHYSICAL DESCRIPTION
Extent 119ص.
650 17 - SUBJECT ADDED ENTRY--TOPICAL TERM
Topical term or geographic name as entry element اللغة العربية
650 17 - SUBJECT ADDED ENTRY--TOPICAL TERM
Topical term or geographic name as entry element قواعد اللغة
650 17 - SUBJECT ADDED ENTRY--TOPICAL TERM
Topical term or geographic name as entry element علم الصرف
650 17 - SUBJECT ADDED ENTRY--TOPICAL TERM
Topical term or geographic name as entry element القواميس
700 1# - ADDED ENTRY--PERSONAL NAME
Personal name إبراهيم، محمود
700 1# - ADDED ENTRY--PERSONAL NAME
Personal name عدس، محمد عبد الرحيم
942 ## - ADDED ENTRY ELEMENTS (KOHA)
Source of classification or shelving scheme Dewey Decimal Classification
Koha item type References
Holdings
حالة السحب حالة الفقدان مصدر التصنيف حالة التلف غير قابل للإعارة المكتبة الرئيسية المكتبة الحالية موقع الرف تاريخ التزويد الرقم المتسلسل Total Checkouts رقم الإستدعاء الباركود تاريخ آخر ظهور تاريخ الفاتورة نوع المادة (كوها)
    Dewey Decimal Classification     المكتبة المركزية المكتبة المركزية مقتنيات قسم التزويد 28/07/2025 1763912   م/415.03/سعي   28/07/2025 28/07/2025 References
    Dewey Decimal Classification   Not For Loan مكتبة أم قصير والمقابلين العامة مكتبة أم قصير والمقابلين العامة مراجع 02/11/2014 [ 2845 [   م/415.03/سعي PLD00357914 28/07/2025 02/11/2014 References
    Dewey Decimal Classification   Not For Loan مكتبة الأميرة ايمان العامة مكتبة الأميرة ايمان العامة مراجع 06/07/2004 753   م/415.03/سعي DUP-01_753 28/07/2025 06/07/2004 References
    Dewey Decimal Classification   Not For Loan مكتبة الاميرة بديعة مكتبة الاميرة بديعة مراجع 06/07/2004 4167   م/415.03/سعي 4167 28/07/2025 06/07/2004 References
    Dewey Decimal Classification   Not For Loan مكتبة الجويدة مكتبة الجويدة مراجع 06/07/2004 3798   م/415.03/سعي 3798 28/07/2025 06/07/2004 References
    Dewey Decimal Classification   Not For Loan مكتبة الحسن العامة مكتبة الحسن العامة مراجع 21/09/2018 07982   م/415.03/سعي PLD00432586 28/07/2025 21/09/2018 References
    Dewey Decimal Classification   Not For Loan مكتبة صويلح العامة مكتبة صويلح العامة مراجع 22/05/2019 [8392]...   م/415.03/سعي PLD00453371 28/07/2025 22/05/2019 References
Implemented & Customized by: BBB with SCIT (Smart Chains for Information Technology)

Powered by Koha